The Aesthetics of Thomas Aquinas (Record no. 122672)
[ view plain ]
| 000 -LEADER | |
|---|---|
| fixed length control field | 00560nam a22001577a 4500 |
| 008 - FIXED-LENGTH DATA ELEMENTS--GENERAL INFORMATION | |
| fixed length control field | 150416b xxu||||| |||| 00| 0 eng d |
| 020 ## - INTERNATIONAL STANDARD BOOK NUMBER | |
| International Standard Book Number | 9780674006768 |
| 050 ## - LIBRARY OF CONGRESS CALL NUMBER | |
| Classification number | B765.T54.E3313 1988 |
| 100 ## - MAIN ENTRY--PERSONAL NAME | |
| Personal name | Eco, Umberto |
| 9 (RLIN) | 17207 |
| 245 ## - TITLE STATEMENT | |
| Title | The Aesthetics of Thomas Aquinas |
| Statement of responsibility, etc | Umberto Eco; translated by Hugh Bredin |
| 260 ## - PUBLICATION, DISTRIBUTION, ETC. (IMPRINT) | |
| Place of publication, distribution, etc | Cambridge |
| Name of publisher, distributor, etc | Havard University Press |
| Date of publication, distribution, etc | 1988 |
| 300 ## - PHYSICAL DESCRIPTION | |
| Extent | xi, 287p. ; |
| Dimensions | 23cm. |
| 650 ## - SUBJECT ADDED ENTRY--TOPICAL TERM | |
| Topical term or geographic name as entry element | Thomas Aquinas, Saint 1225?-1274 |
| General subdivision | Contributions in aesthetics |
| 9 (RLIN) | 17208 |
| 650 ## - SUBJECT ADDED ENTRY--TOPICAL TERM | |
| Topical term or geographic name as entry element | Aesthetics, Medieval |
| 9 (RLIN) | 17209 |
| 942 ## - ADDED ENTRY ELEMENTS (KOHA) | |
| Source of classification or shelving scheme | Library of Congress Classification |
| Item type | Monograph ( Printed materials) |
| Withdrawn status | Lost status | Source of classification or shelving scheme | Damaged status | Not for loan | Collection code | Home library | Current library | Shelving location | Date acquired | Total Checkouts | Full call number | Barcode | Date last seen | Price effective from | Koha item type |
|---|---|---|---|---|---|---|---|---|---|---|---|---|---|---|---|
| Library of Congress Classification | Main Collection | ARRUPE LIBRARY | ARRUPE LIBRARY | Main Collection | 16/04/2015 | B765.T54E3313 1988 | 46500002473 | 01/12/2016 | 16/04/2015 | Monograph ( Printed materials) |